| 000 | 01439nam a2200373Ia 4500 | ||
|---|---|---|---|
| 001 | dia_5604 | ||
| 003 | CHAP | ||
| 005 | 20240212083433.0 | ||
| 007 | ta | ||
| 008 | 220117s1995 mx ao f 001 0 spa d | ||
| 040 |
_cCHAP _amxchpua |
||
| 090 |
_aT.C.209 _bS26 IAI _c1995 |
||
| 245 | 1 | 0 |
_aReporte del viaje de estudios realizado en el municipio de Huimanguillo, Tabasco / _ccoordinador Víctor Sánchez Peña y José Manuel Ruíz Rodríguez ; colaborador José Leobardo Fernández Romo...[et al.] |
| 260 |
_aMéxico : _bEl autor, _c1995 |
||
| 300 |
_acerca 100 hoja : _bilustraciones, tablas, diagramas, fotos |
||
| 336 |
_2rdacontent _atexto _btxt |
||
| 337 |
_2rdamedia _asin medio _bn |
||
| 338 |
_2rdacarrier _avolumen _bnc |
||
| 502 |
_aViaje de Estudios _b(IAI) -- _cUACh. Departamento de Ingeniería Agroindustrial, _d1995 |
||
| 504 | _aIncluye bibliografía | ||
| 650 | 1 | 3 |
_aGanadería _9159137 _zMéxico _zTabasco |
| 650 | 1 | 3 |
_aGanado vacuno _945425 |
| 650 | 1 | 3 |
_aAnimal husbandry _9159136 _zMexico _zTabasco |
| 650 | 1 | 3 | _aCattle |
| 700 | 1 |
_aRuiz Rodríguez, José Manuel _9100772 _ecoordinador |
|
| 700 | 1 |
_aSánchez Peña, José Víctor _9107749 _ecoordinador |
|
| 700 | 0 |
_aFernández Romo, José Leobardo _940288 _ecolaborador |
|
| 901 | _aT.C.209 S26 IAI 1995 | ||
| 902 | _aM | ||
| 905 | _a5332271995 MX DN 8223123322SPA16 | ||
| 942 | _2local | ||
| 942 | _cVE | ||
| 999 |
_c176583 _d176583 |
||